header

The little data book on Africa. (Record no. 80240)

MARC details
000 -LEADER
fixed length control field 01369nam a2200325Ia 4500
245 04 - TITLE STATEMENT
Title The little data book on Africa.
260 ## - PUBLICATION, DISTRIBUTION, ETC. (IMPRINT)
Place of publication Washington, DC :
Name of publisher World Bank,
Year of publication c2010.
300 ## - PHYSICAL DESCRIPTION
Number of Pages vi, 120 p.
650 #0 - SUBJECT ADDED ENTRY--TOPICAL TERM
Topical Term Economic indicators
Topical Term Social indicators
856 40 - ELECTRONIC LOCATION AND ACCESS
Uniform Resource Identifier http://site.ebrary.com/lib/rucke/Doc?id=10408459

No items available.

© 2026 Rongo University
Contact us: librarian | system librarian | Rongo university